GUEST MANAGEMENT (Record no. 8024)
[ view plain ]
| 000 -LEADER | |
|---|---|
| fixed length control field | 00302nam a22001457a 4500 |
| 020 ## - INTERNATIONAL STANDARD BOOK NUMBER | |
| International Standard Book Number | 81-8204-005-1 |
| 082 ## - DEWEY DECIMAL CLASSIFICATION NUMBER | |
| Classification number | 651.3 |
| Item number | SIN |
| 100 ## - MAIN ENTRY--PERSONAL NAME | |
| Personal name | SING, R.K |
| 245 ## - TITLE STATEMENT | |
| Title | GUEST MANAGEMENT |
| 250 ## - EDITION STATEMENT | |
| Edition statement | 1ST |
| 260 ## - PUBLICATION, DISTRIBUTION, ETC. (IMPRINT) | |
| Place of publication, distribution, etc | DELHI |
| Name of publisher, distributor, etc | AMAN |
| Year of Publication | 2005 |
| 650 ## - SUBJECT ADDED ENTRY--TOPICAL TERM | |
| Topical term or geographic name as entry element | GUEST MANAGEMENT |
| 653 ## - KEYWORDS--INDEX TERM | |
| Keyword term | GUEST |
| 942 ## - ADDED ENTRY ELEMENTS (KOHA) | |
| Source of classification or shelving scheme | Dewey Decimal Classification |
| Koha item type | Books |
| Withdrawn status | Lost status | Source of classification or shelving scheme | Damaged status | Not for loan | Collection code | Home library | Current library | Shelving location | Date acquired | Vendor Name | Cost, normal purchase price | SGTU | Bill Number | Full call number | Accession No. (Barcode) | Date last seen | Bill Date | Koha item type | Volume Information (Serial or Books or Non-Book Material) | Total Checkouts | Checked out | Date last borrowed |
|---|---|---|---|---|---|---|---|---|---|---|---|---|---|---|---|---|---|---|---|---|---|---|
| Dewey Decimal Classification | HOTEL MANAGEMENT | SGT Science & Social Sciences Library | SGT Science & Social Sciences Library | Text Book | 08/10/2015 | JINDAL BOOK SERVICE | 300.00 | SGTU | 1775 | 651.3 SIN | HM260 | 08/10/2015 | 07/09/2015 | Books | ||||||||
| Dewey Decimal Classification | HOTEL MANAGEMENT | SGT Science & Social Sciences Library | SGT Science & Social Sciences Library | Text Book | 08/10/2015 | JINDAL BOOK SERVICE | SGTU | 1775 | 651.3 SIN | HM261 | 06/03/2019 | 07/09/2015 | Books | 300 | 1 | 20/03/2019 | 06/03/2019 | |||||
| Dewey Decimal Classification | HOTEL MANAGEMENT | SGT Science & Social Sciences Library | SGT Science & Social Sciences Library | Text Book | 08/10/2015 | JINDAL BOOK SERVICE | SGTU | 1775 | 651.3 SIN | HM262 | 08/10/2015 | 07/09/2015 | Books | 300 | ||||||||
| Dewey Decimal Classification | HOTEL MANAGEMENT | SGT Science & Social Sciences Library | SGT Science & Social Sciences Library | Text Book | 08/10/2015 | JINDAL BOOK SERVICE | SGTU | 1775 | 651.3 SIN | HM263 | 08/10/2015 | 07/09/2015 | Books | 300 | ||||||||
| Dewey Decimal Classification | HOTEL MANAGEMENT | SGT Science & Social Sciences Library | SGT Science & Social Sciences Library | Text Book | 08/10/2015 | JINDAL BOOK SERVICE | SGTU | 1775 | 651.3 SIN | HM264 | 08/10/2015 | 07/09/2015 | Books | 300 |